00694nam a2200241Ia 4500003000900000008004100009040001300050040001300063041000800076100001600084245003200100250001100132260001500143260000900158300001100167300001000178490002900188490000600217710000900223942000700232999001700239952019600256IT-RoPAU120407s9999 xx 000 0 und d aIT-RoPAU cIT-RoPAU aita aPaola Tabet aQuestioni storiche moderne. aParis  aGallimard  c1987 a192 p. c21 cm aLes tempes modernes, 490 v1 aetc. cBK c27978d27978 00102ddc406908_38000000000000071aPAULUSbPAULUSd2012-04-11l0o908.38r2012-04-11 00:00:00w2012-04-11yBKzInserito da: Anna In data: 05 ottobre 2011 fondo: Via A.Severo 56 Progr:30518